Kho tàng truyện cổ Grim

保存先:
書誌詳細
第一著者: Kho tàng truyện cổ Grim
フォーマット: 図書
言語:Undetermined
出版事項: Hà Nội VHTT 2001
主題:
タグ: タグ追加
タグなし, このレコードへの初めてのタグを付けませんか!
Thư viện lưu trữ: Trung tâm Học liệu Trường Đại học Cần Thơ
LEADER 00509nam a2200169Ia 4500
001 CTU_40727
008 210402s9999 xx 000 0 und d
082 |a 398.20933 
082 |b Kh400 
100 |a Kho tàng truyện cổ Grim 
245 0 |a Kho tàng truyện cổ Grim 
245 0 |c Kho tàng truyện cổ Grim, Hữu Ngọc 
260 |a Hà Nội 
260 |b VHTT 
260 |c 2001 
650 |a folk literature, german 
980 |a Trung tâm Học liệu Trường Đại học Cần Thơ